000
00325nam a22001457a 4500
008
221108b ||||| |||| 00| 0 eng d
020
_a
9781573564526
041
_a
eng
080
_2
SECOND EDITION
_a
91
082
_a
91 GOL
100
_a
19.2
101
_a
GJEO
245
_a
EARTH ALMANAC
_c
GOLDSTEIN N
942
_2
udc
_c
BK
999
_c
58777
_d
58777